logo

Bir Sreshtho Munshi Abdur Rouf Library
Jhenaidah Cadet College

Arabian Nights / (Record no. 14074)

MARC details
000 -LEADER
fixed length control field 00587nam a2200229 a 4500
001 - CONTROL NUMBER
JCCL Control Number 14074
003 - CONTROL NUMBER IDENTIFIER
JCCL marc code BD-JhCC
005 - DATE AND TIME OF LATEST TRANSACTION
control field 20240915092825.0
008 - FIXED-LENGTH DATA ELEMENTS--GENERAL INFORMATION
fixed length control field 230720s2008 n a|||| ||a| 001 0 eng d
020 ## - INTERNATIONAL STANDARD BOOK NUMBER
International Standard Book Number 9781402745737
035 ## - SYSTEM CONTROL NUMBER
system control number (BD-JhCC)14074
040 ## - CATALOGING SOURCE
Original cataloging agency BD-JhCC
Modifying agency BD-JhCC
041 ## - LANGUAGE CODE
Language code of Book english
082 ## - DEWEY DECIMAL CLASSIFICATION NUMBER
Classification number 398.22
Author mark and Year WOO 2008
100 ## - MAIN ENTRY--PERSONAL NAME
Personal name Woodside,Martin
245 ## - TITLE STATEMENT
Title Arabian Nights /
Statement of responsibility, etc Martin Woodside.
260 ## - PUBLICATION, DISTRIBUTION, ETC. (IMPRINT)
Place of publication, distribution, etc New York :
Name of publisher, distributor, etc Sterling Children's Books;
Date of publication, distribution, etc 2008.
300 ## - PHYSICAL DESCRIPTION
Pagination 156 p. :
Other physical details ill;
Dimensions 20 cm.
650 ## - SUBJECT ADDED ENTRY--TOPICAL TERM
Geographic subdivision Arabian Nights
942 ## - ADDED ENTRY ELEMENTS (KOHA)
Source of classification or shelving scheme Dewey Decimal Classification
Koha item type Books
Holdings
Source of classification or shelving scheme Damaged status Not for loan Home library Current library Shelving location Date of accession Source of acquisition Cost, normal purchase price Total Checkouts Full call number Barcode Date last seen Date checked out Copy number Method of acquisition Koha item type Currency
Dewey Decimal Classification     JCC Rouf Library JCC Rouf Library General Stacks   With the Compliments Of Shahriar Imtiaz Rahman 27/1483/K 591.00 2 398.22 WOO 2008 19697 05/29/2025 05/26/2025 C-1 Gift/Donation Books BDT

JCC Library | Contacts | JCC Home

Last Update on 23 September 2017
Copyright @ 2017-2020 JCC Rouf Library
Rouf Library, Jhenidah Cadet College (JCC), Bangladesh